| 000 | 01603cam a2200385 a 4500 | ||
|---|---|---|---|
| 001 | EDZ0000020817 | ||
| 003 | StDuBDS | ||
| 005 | 20161031105214.0 | ||
| 006 | m||||||||d|||||||| | ||
| 007 | cr ||||||||||| | ||
| 008 | 110208s2011 caua fo| 001|0|eng|d | ||
| 020 |
_a9781412980173 (ebook) : _cNo price |
||
| 040 |
_aStDuBDS _beng _cStDuBDS _epn |
||
| 049 | _aAlfaisal Main Library | ||
| 050 | 0 |
_aHV6431 _b.K883 2011 |
|
| 082 | 0 | 4 |
_a363.32503 _223 |
| 245 | 0 | 4 |
_aThe SAGE encyclopedia of terrorism _h[electronic resource]. |
| 246 | 3 | 0 | _aEncyclopedia of terrorism |
| 250 |
_a2nd ed. / _bedited by Gus Martin. |
||
| 260 |
_aThousand Oaks, Calif. ; _aLondon : _bSAGE, _cc2011. |
||
| 300 |
_a1 online resource (xxv, 689 p.) : _bill. |
||
| 500 | _aPrevious ed.: published as by Harvey Kushner. 2003. | ||
| 520 | 8 | _aProviding the comprehensive, current, and authoritative coverage for which the previous edition was known, this reference source offers nearly 100,000 words of new material, along with completely updated original entries, expanded coverage of critical topics, and new photos and illustrations. | |
| 521 | _aSpecialized. | ||
| 588 | _aDescription based on print version record. | ||
| 504 | _aIncludes bibliographical references and index. | ||
| 650 | 0 |
_aTerrorism _vEncyclopedias. |
|
| 655 | 7 |
_aElectronic books. _2local |
|
| 700 | 1 | _aMartin, Gus. | |
| 700 | 1 | _aKushner, Harvey W. | |
| 710 | 2 | _aSage eBooks | |
| 776 | 0 | 8 |
_iPrint version : _z9781412980166 |
| 856 | 4 | 0 | _uhttp://ezproxy.alfaisal.edu/login?url=http://sk.sagepub.com/reference/terrorism2ed |
| 942 |
_2lcc _cEBOOKS |
||
| 999 |
_c481669 _d481669 |
||